Introductory linear algebra : (Record no. 189190)
[ view plain ]
| 000 -LEADER | |
|---|---|
| fixed length control field | 01376 a2200253 4500 |
| 003 - CONTROL NUMBER IDENTIFIER | |
| control field | Nust |
| 005 - DATE AND TIME OF LATEST TRANSACTION | |
| control field | 20170207153558.0 |
| 010 ## - LIBRARY OF CONGRESS CONTROL NUMBER | |
| LC control number | 2004044755 |
| 020 ## - INTERNATIONAL STANDARD BOOK NUMBER | |
| International Standard Book Number | 9788131723227 |
| 040 ## - CATALOGING SOURCE | |
| Transcribing agency | Nust |
| 082 00 - DEWEY DECIMAL CLASSIFICATION NUMBER | |
| Classification number | 512.5 |
| 100 1# - MAIN ENTRY--PERSONAL NAME | |
| Personal name | Kolman, Bernard, |
| 245 10 - TITLE STATEMENT | |
| Title | Introductory linear algebra : |
| Remainder of title | an applied first course / |
| Statement of responsibility, etc. | Bernard Kolman, David R. Hill. |
| 250 ## - EDITION STATEMENT | |
| Edition statement | 8th ed. |
| 260 ## - PUBLICATION, DISTRIBUTION, ETC. | |
| Place of publication, distribution, etc. | Upper Saddle River, N.J. : |
| Name of publisher, distributor, etc. | Pearson/Prentice Hall, |
| Date of publication, distribution, etc. | c2005. |
| 300 ## - PHYSICAL DESCRIPTION | |
| Extent | 1 v. (various pagings) : |
| Other physical details | ill. ; |
| Dimensions | 26 cm. |
| 500 ## - GENERAL NOTE | |
| General note | Includes index. |
| 500 ## - GENERAL NOTE | |
| General note | Rev. ed. of: Introductory linear algebra with applications. 7th ed. c2001. |
| 505 ## - FORMATTED CONTENTS NOTE | |
| Formatted contents note | Linear Equation and Matrices (Page-1) Applications of Linear Equations and Matrices Optional (Page-119) Determinates (Page-182) Vectors in Rn (Page-214) Applications of Vectors in R2 and R3 Options (Page-259) Real Vector Space (Page-272) Applications of Real Vector Spaces Optional (Page-375) Eigen values ,Eigenvectors and Diagonlization (Page-408) Applications of Eigen values and Eigenvectors (Page-447) Linear Transformation and Matrices (Page-502) Cumulative Re3view of Introductory Linear Algebra (Page-555) Linear Programming Optional (Page-558) Matlab for Linear Algebra (Page-615) |
| 538 ## - SYSTEM DETAILS NOTE | |
| System details note | Almirah No.11 Shelf No.3 |
| 650 #0 - SUBJECT ADDED ENTRY--TOPICAL TERM | |
| Topical term or geographic name entry element | Algebras, Linear. |
| 700 1# - ADDED ENTRY--PERSONAL NAME | |
| Personal name | Hill, David R. |
| Dates associated with a name | 1943- |
| 700 1# - ADDED ENTRY--PERSONAL NAME | |
| Personal name | Kolman, Bernard, |
| Dates associated with a name | 1932- |
| 942 ## - ADDED ENTRY ELEMENTS (KOHA) | |
| Source of classification or shelving scheme | |
| Koha item type | Book |
| Withdrawn status | Lost status | Source of classification or shelving scheme | Damaged status | Not for loan | Collection code | Permanent Location | Current Location | Date acquired | Total Checkouts | Full call number | Barcode | Checked out | Date last seen | Date last checked out | Price effective from | Koha item type |
|---|---|---|---|---|---|---|---|---|---|---|---|---|---|---|---|---|
| Military College of Signals (MCS) | Military College of Signals (MCS) | 12/12/2016 | 1 | 512.5 KOL | MCS27594 | 12/23/2022 | 08/25/2022 | 08/25/2022 | 12/12/2016 | Book |
